<?xml version="1.0" encoding="UTF-8"?>
<record
    xmlns:xsi="http://www.w3.org/2001/XMLSchema-instance"
    xsi:schemaLocation="http://www.loc.gov/MARC21/slim http://www.loc.gov/standards/marcxml/schema/MARC21slim.xsd"
    xmlns="http://www.loc.gov/MARC21/slim">

  <leader>01030nam a2200229   4500</leader>
  <controlfield tag="003">CO-ViMGA</controlfield>
  <datafield tag="020" ind1=" " ind2=" ">
    <subfield code="a">9786076181805</subfield>
  </datafield>
  <datafield tag="020" ind1=" " ind2=" ">
    <subfield code="a">9786076181812</subfield>
  </datafield>
  <datafield tag="020" ind1=" " ind2=" ">
    <subfield code="a">9786076181829</subfield>
  </datafield>
  <datafield tag="020" ind1=" " ind2=" ">
    <subfield code="a">9786076181836</subfield>
  </datafield>
  <datafield tag="040" ind1=" " ind2=" ">
    <subfield code="a">CO-ViMGA</subfield>
    <subfield code="b">spa</subfield>
    <subfield code="c">CO-ViMGA</subfield>
  </datafield>
  <datafield tag="090" ind1=" " ind2=" ">
    <subfield code="a">C MENd</subfield>
  </datafield>
  <datafield tag="100" ind1="1" ind2=" ">
    <subfield code="a">Menard, Valerie</subfield>
    <subfield code="9">12476</subfield>
  </datafield>
  <datafield tag="245" ind1="1" ind2="0">
    <subfield code="a">Dora la exploradora &#xA1;Celebremos! :</subfield>
    <subfield code="b">Mi peque&#xF1;a biblioteca /</subfield>
    <subfield code="c">Valerie Menard</subfield>
  </datafield>
  <datafield tag="260" ind1=" " ind2=" ">
    <subfield code="a">Mexico :</subfield>
    <subfield code="b">Silver Dolphin,</subfield>
    <subfield code="c">2014</subfield>
  </datafield>
  <datafield tag="300" ind1=" " ind2=" ">
    <subfield code="a">3 libros con 10 paginas c/u :</subfield>
    <subfield code="b">25.5 cm x 20.3 cm</subfield>
  </datafield>
  <datafield tag="500" ind1=" " ind2=" ">
    <subfield code="a">vol. 1 : &#xA1;Viva el reino de cristal!, vol. 2 : Una fiesta en patines, vol. 3 &#xA1;Feliz cumplea&#xF1;os Dora!</subfield>
  </datafield>
  <datafield tag="520" ind1=" " ind2=" ">
    <subfield code="a">Dora organiz&#xF3; una fiesta por su cumplea&#xF1;os. &#xA1;Su familia y sus amigos estar&#xE1;n ah&#xED;! &#xA1;Y t&#xFA; tambi&#xE9;n est&#xE1;s invitado! &#xA1;Que comience el festejo! &#xA1;Acompa&#xF1;a a Dora y a botas en el festejo por haber salvado el Reino de Cristal y tambi&#xE9;n conoce a todos sus nuevos amigos!</subfield>
  </datafield>
  <datafield tag="650" ind1="1" ind2="4">
    <subfield code="a">Cuentos infantiles</subfield>
    <subfield code="9">487</subfield>
  </datafield>
  <datafield tag="650" ind1="1" ind2="4">
    <subfield code="a">Libros de cuentos ilustrados</subfield>
    <subfield code="9">12477</subfield>
  </datafield>
  <datafield tag="942" ind1=" " ind2=" ">
    <subfield code="2">ddc</subfield>
    <subfield code="c">BK</subfield>
  </datafield>
  <datafield tag="999" ind1=" " ind2=" ">
    <subfield code="c">37009</subfield>
    <subfield code="d">37009</subfield>
  </datafield>
  <datafield tag="952" ind1=" " ind2=" ">
    <subfield code="0">0</subfield>
    <subfield code="1">0</subfield>
    <subfield code="2">ddc</subfield>
    <subfield code="4">0</subfield>
    <subfield code="7">0</subfield>
    <subfield code="8">008</subfield>
    <subfield code="a">MEVIECAR</subfield>
    <subfield code="b">MEVIECAR</subfield>
    <subfield code="d">2018-05-04</subfield>
    <subfield code="g">14500.00</subfield>
    <subfield code="l">1</subfield>
    <subfield code="o">C MENd</subfield>
    <subfield code="p">031345</subfield>
    <subfield code="r">2018-10-11 00:00:00</subfield>
    <subfield code="s">2018-10-09</subfield>
    <subfield code="w">2018-05-04</subfield>
    <subfield code="y">BK</subfield>
  </datafield>
  <datafield tag="952" ind1=" " ind2=" ">
    <subfield code="0">0</subfield>
    <subfield code="1">0</subfield>
    <subfield code="2">ddc</subfield>
    <subfield code="4">0</subfield>
    <subfield code="7">0</subfield>
    <subfield code="8">008</subfield>
    <subfield code="a">MEVIECAR</subfield>
    <subfield code="b">MEVIECAR</subfield>
    <subfield code="d">2018-05-04</subfield>
    <subfield code="g">14500.00</subfield>
    <subfield code="l">0</subfield>
    <subfield code="o">C MENd</subfield>
    <subfield code="p">031344</subfield>
    <subfield code="r">2018-05-04 00:00:00</subfield>
    <subfield code="w">2018-05-04</subfield>
    <subfield code="y">BK</subfield>
  </datafield>
  <datafield tag="952" ind1=" " ind2=" ">
    <subfield code="0">0</subfield>
    <subfield code="1">0</subfield>
    <subfield code="2">ddc</subfield>
    <subfield code="4">0</subfield>
    <subfield code="7">0</subfield>
    <subfield code="8">008</subfield>
    <subfield code="a">MEVIECAR</subfield>
    <subfield code="b">MEVIECAR</subfield>
    <subfield code="d">2018-05-04</subfield>
    <subfield code="g">14500.00</subfield>
    <subfield code="l">0</subfield>
    <subfield code="o">C MENd</subfield>
    <subfield code="p">031343</subfield>
    <subfield code="r">2018-05-04 00:00:00</subfield>
    <subfield code="w">2018-05-04</subfield>
    <subfield code="y">BK</subfield>
  </datafield>
</record>
